Výkazy účtovnej závierky a ich vzájomná previazanosť diplomová práca

Enregistré dans:
Détails bibliographiques
Auteur principal: Csibová, Nikoleta
Collectivité auteur: Fakulta hospodárskej informatiky EU. Katedra účtovníctva a audítorstva
Autres auteurs: Silná, Renáta, 1981-
Format: Livre
Langue:slovaque
Publié: Bratislava 2012
Tags: Ajouter un tag
Pas de tags, Soyez le premier à ajouter un tag!

MARC

LEADER 00000nbm a2200000 4500
001 0154807
005 20161109102145.9
041 0 |a slo 
044 |a SK 
245 1 0 |a Výkazy účtovnej závierky a ich vzájomná previazanosť  |b diplomová práca  |c Nikoleta Csibová ; školiteľ: Renáta Silná 
264 1 |a Bratislava  |c 2012 
300 |a 61 s. 
100 1 |a Csibová, Nikoleta 
700 1 |a Silná, Renáta, 1981- 
710 2 |a Fakulta hospodárskej informatiky EU. Katedra účtovníctva a audítorstva